| 000 | 00983nam a22003375a 4500 | ||
|---|---|---|---|
| 001 | 16311507 | ||
| 003 | OSt | ||
| 005 | 20140310182746.0 | ||
| 008 | 100701s2010 ph d 000 0 phi | ||
| 010 | _a 2010338620 | ||
| 020 | _a9789719356660 | ||
| 040 |
_aDLC _cDLC |
||
| 041 | 0 |
_aphi _aeng |
|
| 042 | _alcode | ||
| 043 | _aa-ph--- | ||
| 050 |
_aPL 5785 _b.An634 2010 |
||
| 082 |
_aFIL 499.211 _bAn634 2010 |
||
| 100 | 1 | _aAnton, Sofia Olga. | |
| 245 | 1 | 2 |
_aA handy guidebook to the Ibaloi language _cAnton, Sofia Olga |
| 260 |
_aBaguio City, Philippines _bTebtebba Foundation _cc2010 |
||
| 300 |
_avi, 102 p. _c23 cm. |
||
| 521 | _aCollege Student | ||
| 526 | _c1210L-1700L | ||
| 541 | _j1 | ||
| 546 | _aIbaloi and English. | ||
| 562 | _eFor circulation. 1 copy available in the collection | ||
| 710 | 2 | _aTebtebba (Organization) | |
| 906 |
_a7 _bpar _corigode _d3 _encip _f20 _gy-gencatlg |
||
| 942 |
_2lcc _cBK-FIL _kFIL |
||
| 999 |
_c15656 _d15656 |
||